| 000 | 00879cam a2200277 4500 | ||
|---|---|---|---|
| 999 |
_c9922 _d9922 |
||
| 001 | 9922 | ||
| 003 | BD-JhCC | ||
| 005 | 20180403134748.0 | ||
| 008 | 180403t19691966nyua b 001 0beng | ||
| 035 | _a(BD-JhCC)9922 | ||
| 040 |
_aDLC _cDLC _dDLC _dBD-JhCC |
||
| 041 | 1 | _aengita | |
| 050 | 0 | 0 |
_aND623.R2 _bD413 1969b |
| 082 | 0 | 0 |
_a759.5 _bRAP 1966 |
| 100 | 0 |
_aRaphael, _d1483-1520. |
|
| 240 | 1 | 0 | _aOpera completa di Raffaello. |
| 245 | 1 | 4 |
_aThe complete paintings of Raphael / _cIntrod. by Richard Cocke. Notes and catalogue by Pierluigi de Vecchi. |
| 260 |
_aNew York : _bH.N. Abrams, _c1969, c1966 . |
||
| 300 |
_a128 p. _billus. (part col.) _c32 cm. |
||
| 490 | 0 | _aClassics of the world's great art | |
| 500 | _aTranslation of L'opera completa di Raffaello. | ||
| 504 | _aBibliography: p. 82. | ||
| 700 | 1 | _aDe Vecchi, Pierluigi. | |
| 942 |
_2ddc _cREF |
||